| 000 | 00900nam a2200205 a 4500 | ||
|---|---|---|---|
| 001 | 000042517 | ||
| 005 | 20201002040215.0 | ||
| 008 | 140206s2001 sp 000 0 spa d | ||
| 020 | _a8472328767 | ||
| 040 |
_aDO-SdBNP _bspa _cBNPHU |
||
| 082 |
_axxx _bxxxx |
||
| 111 | 2 |
_aSemana de Autor sobre Ángeles Mastretta _d1999 _cMadrid _969728 |
|
| 245 | 1 | 0 |
_aÁngeles Mastretta : _bla semana de autor sobre Ángeles Mastretta se celebró en Madrid del 21 de junio de 1999 en la Casa de América / _cedición, Julio Ortega. |
| 260 |
_aMadrid : _bCultura Hispánica, _bAgencia Española de Cooperación Internacional, _c2001. |
||
| 300 |
_a83 p. ; _c24 cm. |
||
| 490 | 1 |
_aEdiciones de cultura hispánica _aSemana de Autor |
|
| 500 | _aIncluye datos biográficos del autor en la solapa de la cubierta | ||
| 700 | 1 |
_aOrtega, Julio _eed. _915068 |
|
| 830 | 0 |
_aEdiciones de cultura hispánica _pSemana de Autor _969729 |
|
| 999 |
_c42006 _d42006 |
||